| 000 | 01360nam a2200397Ia 4500 | ||
|---|---|---|---|
| 001 | dia_4820 | ||
| 003 | CHAP | ||
| 005 | 20240730000214.0 | ||
| 008 | 220117s2010 xx 000 0 und d | ||
| 010 | _a175620 | ||
| 020 | _a13:978-607-15-0261-2 | ||
| 040 | _cCHAP | ||
| 082 | _a620.1 F44 2010 | ||
| 100 |
_aBeer, Ferdinand P. _911260 |
||
| 245 |
_aMecánica vectorial para ingenieros : dinámica / _c Ferdinand P. Beer, Russel Jonston E. y Phillip J. Cornwell ; traducción Jesús Elmer Murrieta Murrieta y Gabriel Nagore Cazares |
||
| 250 | _a9a ed. | ||
| 260 |
_aMéxico : _b McGraw-Hill, _c2010 |
||
| 300 | _axxi, 1361 p. | ||
| 500 | _aTítulo original: Vector mechanics for engineers. Dinamics | ||
| 503 | _aC/e | ||
| 590 | _aTA352 F44 2010 | ||
| 650 |
_aAnálisis vectorial _95995 |
||
| 650 |
_aDinámica _932626 |
||
| 650 |
_aDinamics _9156803 |
||
| 650 |
_aMecánica aplicada _973818 |
||
| 650 |
_aMechanics, Applied _9150315 |
||
| 650 |
_aVector analysis _9154469 |
||
| 700 |
_aCornwell, Phillip J., coaut. _9156804 |
||
| 700 |
_aJohnston, E Russel, coaut. _9156805 |
||
| 700 | 1 |
_aMurrieta Murrieta, Jesús Elmer _9154470 |
|
| 700 |
_aNagore Cázares, Gabriel _9148152 |
||
| 901 | _a620.1 F44 2010 | ||
| 902 | _aM | ||
| 905 | _a5232272010 mx aimn8222223322spa16 | ||
| 942 |
_cLIBRO _2ddc |
||
| 999 |
_c175620 _d175620 |
||